=LDR 00000nam 2200000 4500 =001 INLIS000000000019797 =005 20200224075120 =035 ##$$a 0010-061300000019797 =008 200224################g##########0#ind## =041 ##$$a Ind =082 ##$$a 171.2 =090 ##$$a 171.2, Has b =100 ##$$a Hassan, Fuad =245 1#$$a Berkenanalan dengan eksistensialisme /$c Hassan, fuad =260 ##$$a Jakarta :$b Pustaka jaya,$c 1992 =300 ##$$a V, 158 hlm : $b Ilus ; $c 14,5 x 20,5 cm =650 #4$$a Eksistensialisme =850 ##$$a NBPNMAT =020 ##$$a 979-419-073-X =084 ##$$a 171.2 HAS p =250 ##$$a Cet. 5 =504 ##$$a Bibliografi ; hlm 158 =990 ##$$a 45.844/Pro.92 =990 ##$$a 71.218/Pro- 94 =990 ##$$a 71.0217/Pro- 94